| 000 | 00336nam a22001457a 4500 | ||
|---|---|---|---|
| 003 | SGT | ||
| 020 | _a978-81-89798-03-1 | ||
| 082 |
_a615.538 _bA12B |
||
| 100 | _aBYADGI,P.S | ||
| 245 | _aAYURVEDIYA VIKRTI VIJNANA& ROGA VIJNANA | ||
| 260 |
_aNEW DELHI _bCHAUKHAMBHA PUB _c2012 |
||
| 300 | _a544 | ||
| 650 | _aAYURVEDA | ||
| 942 |
_2ddc _cBK |
||
| 999 |
_c14512 _d14512 |
||